000 00409nam a22001697a 4500
005 20160526153336.0
008 160526b xxu||||| |||| 00| 0 eng d
020 _a033-93272-2
041 _aeng
082 _b5329
100 _aMarrill, Marry P
_91333
245 _aFinancial Planning in the book
260 _aNew Delhi
_bAcademic Faundation
300 _a366
650 _aManagement
_9241
942 _cBK
999 _c1880
_d1879